000
00258nam a2200097Ia 4500
001
642502
005
20250826153527.0
008
250824s9999 xx 000 0 und d
245
0
_a
ÖTEKİ BEN ANTİK YENİ
_c
DOSTOYEVSKİ
260
_b
ANTİK DÜNYA KLASİKLERİ
999
_c
642502
_d
642502